Poistný trh

Bibliographic Details
Main Authors: Brokešová, Zuzana, 1985- (Author), Pastoráková, Erika, 1972- (Author), Ondruška, Tomáš, 1988- (Author)
Other Authors: Meluchová, Jitka, 1965- (Reviewer), Holecová, Monika (Reviewer)
Format: Book
Language:Slovak
PhysicalDescription:289 strán grafy, schémy, tabuľky 21 cm
Published: Bratislava Vydavateľstvo Ekonóm 2024
ISBN:9788022551724
Edition:2. prepracované a rozšírené vydanie
Subjects:

MARC

LEADER 00000cam a2200000 4500
001 vtls012270624
003 SK-MaSNL
005 20260302004932.0
008 250205s2024 xo dal f np 000 0 slo
015 |a SNBA2025/02 
020 |a 9788022551724  |q (brožované) 
040 |a SNK  |b slo  |c SNK  |e rda 
041 0 |a slo 
044 |a xo  |c SK 
072 7 |a 368  |x Poisťovníctvo  |2 konspekt 
072 7 |a 37.016  |x Učebné osnovy. Vyučovacie predmety. Učebnice  |2 konspekt 
080 |a 368  |2 2011 
080 |a 368.91  |2 2011 
080 |a 368.1  |2 2011 
080 |a 001.102  |2 2011 
080 |a 366-051  |2 2011 
080 |a 336.748.12  |2 2011 
080 |a (075.8)  |2 2011 
100 1 |a Brokešová, Zuzana,  |d 1985-  |4 aut  |9 216115 
245 1 0 |a Poistný trh  |c Zuzana Brokešová, Erika Pastoráková, Tomáš Ondruška 
250 |a 2. prepracované a rozšírené vydanie 
264 1 |a Bratislava  |b Vydavateľstvo Ekonóm  |c 2024 
300 |a 289 strán  |b grafy, schémy, tabuľky  |c 21 cm 
336 |a text  |b txt  |2 rdacontent 
337 |a bez média  |b n  |2 rdamedia 
338 |a zväzok  |b nc  |2 rdacarrier 
366 |e 150 kusov 
500 |a Na titulnom liste a na obálke nad názvom: Ekonomická univerzita v Bratislave Národohospodárska fakulta 
504 |a Obsahuje bibliografiu za jednotlivými kapitolami 
650 0 7 |a poistný trh  |2 SNKPH  |9 59828 
650 0 7 |a životné poistenie  |2 SNKPH  |9 28348 
650 0 7 |a neživotné poistenie  |2 SNKPH  |9 73096 
650 0 7 |a Insurance market  |2 SNKPHeng  |9 346636 
650 0 7 |a Life insurance  |2 SNKPHeng  |9 314157 
650 0 7 |a General insurance  |2 SNKPHeng  |9 534434 
650 0 7 |a informácie  |2 SNKPH  |9 1285 
650 0 7 |a Informations  |2 SNKPHeng  |9 270168 
650 0 7 |a spotrebitelia  |2 SNKPH  |9 15048 
650 0 7 |a Consumers  |2 SNKPHeng  |9 267411 
650 0 7 |a inflácia  |2 SNKPH  |9 2290 
650 0 7 |a Inflation  |2 SNKPHeng  |9 330484 
655 7 |a učebnice vysokých škôl  |2 SNKPH  |9 70191 
655 7 |a Textbooks (higher)  |2 SNKPHeng  |9 276436 
700 1 |a Pastoráková, Erika,  |d 1972-  |4 aut  |9 216114 
700 1 |a Ondruška, Tomáš,  |d 1988-  |4 aut  |9 216120 
700 1 |a Meluchová, Jitka,  |d 1965-  |4 rev  |9 159665 
700 1 |a Holecová, Monika  |4 rev  |9 645668 
710 2 |a Ekonomická univerzita v Bratislave.  |b Národohospodárska fakulta  |4 pbl  |9 177166 
852 |a Slovenská národná knižnica 
919 |a 978-80-225-5172-4 
954 |a odborná, vedecká literatúra pôvodná (slovenská)  |2 lita 
958 |a NB 
999 |c 997721  |d 999651 
952 |a SNK  |b SNK  |y PREZ  |7 0  |p 17A1564351  |o snkSC 209161  |i snk2025/1880  |8 0  |3    |0 0  |1 0  |4 0  |d 2025-02-05  |f 1  |l 0  |r 2025-11-03 00:00:00  |w 2026-02-24 
952 |a SNK  |b SNK  |y VYP  |7 0  |p 17A1564352  |o snkSC 209161 D1  |i snk2025/1881  |8 0  |0 0  |1 0  |4 0  |d 2025-02-05  |l 0  |r 2026-02-24 12:08:53  |w 2026-02-24